<?xml version="1.0" encoding="UTF-8"?><?xml-stylesheet type="text/xsl" href="static/style.xsl"?><OAI-PMH xmlns="http://www.openarchives.org/OAI/2.0/" xmlns:xsi="http://www.w3.org/2001/XMLSchema-instance" xsi:schemaLocation="http://www.openarchives.org/OAI/2.0/ http://www.openarchives.org/OAI/2.0/OAI-PMH.xsd"><responseDate>2026-06-05T04:18:36Z</responseDate><request verb="GetRecord" identifier="oai:riuma.uma.es:10630/37675" metadataPrefix="marc">https://riuma.uma.es/rest/oai/request</request><GetRecord><record><header><identifier>oai:riuma.uma.es:10630/37675</identifier><datestamp>2026-02-03T11:18:53Z</datestamp><setSpec>com_10630_2254</setSpec><setSpec>col_10630_37953</setSpec></header><metadata><record xmlns="http://www.loc.gov/MARC21/slim" xmlns:dcterms="http://purl.org/dc/terms/" xmlns:doc="http://www.lyncode.com/xoai" xmlns:xsi="http://www.w3.org/2001/XMLSchema-instance" xsi:schemaLocation="http://www.loc.gov/MARC21/slim http://www.loc.gov/standards/marcxml/schema/MARC21slim.xsd">
   <leader>00925njm 22002777a 4500</leader>
   <datafield ind2=" " ind1=" " tag="042">
      <subfield code="a">dc</subfield>
   </datafield>
   <datafield ind2=" " ind1=" " tag="720">
      <subfield code="a">Gomariz-Ruiz, Jaime</subfield>
      <subfield code="e">author</subfield>
   </datafield>
   <datafield ind2=" " ind1=" " tag="720">
      <subfield code="a">Pérez-Cruzado, David Francisco</subfield>
      <subfield code="e">author</subfield>
   </datafield>
   <datafield ind2=" " ind1=" " tag="720">
      <subfield code="a">Gutiérrez-Sánchez, Daniel</subfield>
      <subfield code="e">author</subfield>
   </datafield>
   <datafield ind2=" " ind1=" " tag="260">
      <subfield code="c">2024</subfield>
   </datafield>
   <datafield ind2=" " ind1=" " tag="520">
      <subfield code="a">Background&#xd;
Chronic kidney disease is a global problem characterized by a progressive decrease in kidney function with associated symptoms. A better understanding of these symptoms could lead to the development of personalized strategies.&#xd;
Objective&#xd;
This systematic review aims to describe the clusters of symptoms in kidney failure and categorize them according to their time of onset and how disabling they are for patients.&#xd;
Design&#xd;
A systematic review was carried out.&#xd;
Methods&#xd;
This systematic review was conducted according to the PRISMA declaration standards. The search engines used were initially limited to WOS, Embase, and PubMed, and they were employed between November 2022 and January 2023. In addition, the bibliographic search was supplemented with databases of the grey literature, such as OpenGrey, in May 2023. The following inclusion criteria were established: cross-sectional studies, studies on adult populations, and studies dealing with clusters of symptoms associated with kidney failure. Before an article was definitively selected, the checklist of the STROBE initiative, with a maximum of 22 points, was applied, assessing the quality of cross-sectional articles. Articles were selected independently and blinded by two researchers, and a third researcher was involved in case of disagreement.&#xd;
Results&#xd;
After carrying out the bibliographic search, we found that eight articles, out of the 46 articles that were evaluated, fully met the inclusion criteria. Two tables were made, which include important information, such as the participants’ profiles or the way the authors extracted a cluster of symptoms.&#xd;
Limitations&#xd;
The main area for improvement is that it was not possible to perform a meta-analysis due to the methodology used in the articles analysed. Constraining the selection of articles to those written in Spanish or English could be a limitation as not all articles dealing with symptom clusters in kidney failure were considered.</subfield>
   </datafield>
   <datafield ind1="8" ind2=" " tag="024">
      <subfield code="a">Jaime Gomariz-Ruiz, David Pérez-Cruzado, Daniel Gutiérrez-Sánchez, Cluster of symptoms in kidney failure: A systematic review, Heliyon, Volume 11, Issue 1, 2025, e41556, ISSN 2405-8440, https://doi.org/10.1016/j.heliyon.2024.e41556.</subfield>
   </datafield>
   <datafield ind1="8" ind2=" " tag="024">
      <subfield code="a">https://hdl.handle.net/10630/37675</subfield>
   </datafield>
   <datafield ind1="8" ind2=" " tag="024">
      <subfield code="a">10.1016/j.heliyon.2024.e41556</subfield>
   </datafield>
   <datafield tag="653" ind2=" " ind1=" ">
      <subfield code="a">Insuficiencia renal crónica</subfield>
   </datafield>
   <datafield ind2="0" ind1="0" tag="245">
      <subfield code="a">Cluster of symptoms in kidney failure: A systematic review</subfield>
   </datafield>
</record>
</metadata></record></GetRecord></OAI-PMH>